LEADER 00913nam0-22003131i-450 001 990001796090403321 005 20190529131425.0 035 $a000179609 035 $aFED01000179609 035 $a(Aleph)000179609FED01 035 $a000179609 100 $a20021010d1991----km-y0itay50------ba 101 0 $aita 200 1 $aItinerario vesuviano$ebrevi cenni storici per riscoprire le nostre radici ed amare la nostra terra$fa cura del Rotaract ClubTorre del Greco - Comuni vesuviani. 210 $aTorre del Greco$cRotaract$d1991. 215 $a84 p.$d24 cm 610 0 $aPortici 610 0 $aVille vesuviane 610 0 $aErcolano 610 0 $aTorre del Greco 676 $a945.73 801 0$aIT$bUNINA$gRICA$2UNIMARC 901 $aLG 912 $a990001796090403321 952 $a60 OP. 137/22$fFAGBC 959 $aFAGBC 996 $aITINERARIO vesuviano$9410856 997 $aUNINA DB $aING01 LEADER 01756nam0 22003131i 450 001 UON00031154 005 20231205102101.879 100 $a20020107d1937 |0itac50 ba 101 $aita 102 $aIT 105 $a|||| 1|||| 200 1 $aParafrasi turca del "De Senectute" presentata a Solimano il Magnifico dal BailoMarino de Cavalli (1559)$fnota di Ettore Rossi 205 $aRoma : Bardi$b1937 210 $a77 p.$a24 cm 215 $aEstratto dai Rendiconti della Classe di Scienze Morali, Storiche e Filologiche, Serie VI, vol. XII, fasc. 7-10 410 1$1001UON00005446$12001 $aStudi orientali$fpubblicati a cura della Scuola orientale, Università di Roma "La Sapienza"$g[poi] Dipartimento di studi orientali, Università di Roma$v5 517 1$3UON00354860$aStudi orientalistici offerti [a Francesco Gabrieli] nel sessantesimo compleanno dei suoi colleghi e discepoli 606 $aLETTERATURA LATINA$xTRADUZIONI TURCHE$3UONC009767$2FI 620 $aIT$dRoma$3UONL000004 686 $aOTT VI BD$cIMPERO OTTOMANO - LETTERATURA - TRAD. DA ALTRE LINGUE$2A 702 1$aRossi$bEttore$3UONV007228 712 $aAccademia dei Lincei$3UONV257420$4650 712 $aBardi Editore$3UONV260187$4650 801 $aIT$bSOL$c20250131$gRICA 912 $aUON00031154 950 $aSIBA - SISTEMA BIBLIOTECARIO DI ATENEO$dSI FONDO ZORAS 0418 $eSI EO 34619 5 0418 950 $aSIBA - SISTEMA BIBLIOTECARIO DI ATENEO$dSI OTT VI BD 003 N $eSI SA 19686 5 003 N 996 $aParafrasi turca del "De Senectute" presentata a Solimano il Magnifico dal BailoMarino de Cavalli (1559$91189637 997 $aUNIOR LEADER 02636oas 2200913 a 450 001 9910134614803321 005 20260310213014.0 011 $a2330-1953 035 $a(DE-599)ZDB2225756-1 035 $a(OCoLC)61283824 035 $a(CONSER) 2008234466 035 $a(CKB)110992357266782 035 $a(EXLCZ)99110992357266782 100 $a20740306b19681979 uy a 101 0 $aeng 135 $aurunu|||||||| 181 $ctxt$2rdacontent 182 $cc$2rdamedia 183 $acr$2rdacarrier 200 10$aCalifornia studies in classical antiquity 210 $aBerkeley $cUniversity of California Press$d1968-1979 300 $aTitle from cover (JSTOR, viewed November 21, 2008). 300 $a"Papers ... contributed chiefly by faculty members and graduate students on the various campuses of the University of California." 311 08$a0068-5895 606 $aClassical philology$vPeriodicals 606 $aPhilology, Classical$3(DNLM)D010681 606 $aPhilologie ancienne$3(CaQQLa)201-0001680 606 $aPhilologie ancienne$3(CaQQLa)201-0001680$vPe?riodiques$3(CaQQLa)201-0378307 606 $aFilologia klasyczna$2dbn 606 $aClassical philology$2fast$3(OCoLC)fst00863532 606 $aAltertumswissenschaft$2gnd$3(DE-588)4134281-1 606 $aAntike$2gnd$3(DE-588)4068754-5 606 $aClassical philology$vPeriodicals$2nli 608 $aperiodicals.$2aat 608 $aCzasopismo literaturoznawcze.$2dbn 608 $aPeriodicals.$2fast 608 $aZeitschrift.$2gnd 608 $aPeriodicals.$2lcgft 608 $aPe?riodiques.$2rvmgf 615 0$aClassical philology 615 2$aPhilology, Classical 615 6$aPhilologie ancienne. 615 6$aPhilologie ancienne 615 7$aFilologia klasyczna. 615 7$aClassical philology. 615 7$aAltertumswissenschaft 615 7$aAntike 615 7$aClassical philology 676 $a913.3/8/03 801 0$bQCL 801 1$bQCL 801 2$bOCLCQ 801 2$bEYM 801 2$bHUL 801 2$bGWDNB 801 2$bOCLCQ 801 2$bGBVCP 801 2$bOCLCQ 801 2$bDLC 801 2$bOCLCF 801 2$bOCLCO 801 2$bOCLCQ 801 2$bDEBBG 801 2$bGILDS 801 2$bOCLCO 801 2$bVT2 801 2$bSFB 801 2$bBWN 801 2$bOCLCQ 801 2$bU3W 801 2$bOCLCQ 801 2$bOCLCE 801 2$bUX0 801 2$bFIE 801 2$bOCLCQ 906 $aJOURNAL 912 $a9910134614803321 996 $aCALIFORNIA studies in classical antiquity$9533929 997 $aUNINA